Semiconductor fundamental : Vol I /
Guardado en:
| Autor principal: | |
|---|---|
| Formato: | Libro |
| Lenguaje: | inglés |
| Publicado: |
Reading :
Addison-Wesley,
1988
|
| Edición: | 2.ed. |
| Etiquetas: |
Sin Etiquetas, Sea el primero en etiquetar este registro!
|
MARC
| LEADER | 00000nam a22000003a 4500 | ||
|---|---|---|---|
| 001 | stu3496 | ||
| 005 | 20150617225615.6 | ||
| 008 | 930402s1988----xxu-----------------eng-d | ||
| 040 | |a STU |b slo | ||
| 041 | 0 | |a eng | |
| 044 | |a xxu | ||
| 080 | |a 538.9 |7 stu_us_auth*stu7967 | ||
| 080 | |a 621.315.592 | ||
| 100 | 1 | |a Pierret, Robert F |4 aut | |
| 245 | 1 | |a Semiconductor fundamental : |b Vol I / |c [aut.] Pierret,Robert F | |
| 250 | |a 2.ed. | ||
| 260 | |a Reading : |b Addison-Wesley, |c 1988 | ||
| 300 | |a 145 s | ||
| 996 | |b E68295 |c I*68295 |l II680 |s A |a 24 |w stu3496_0001 | ||
| 996 | |b E68597 |c E*68597 |l EE11 |s P |a 0 |w stu3496_0002 | ||